MAASAI MARA UNIVERSITY

LIBRARY CATALOGUE

Contact Us: +254 020 2685356/7 or 0774 057787

Box: 861-20500, NAROK, KENYA

Email: info@mmarau.ac.ke

_Understanding and Managing Risk Attitude (2nd ed.) (Record no. 6615)

MARC details
000 -LEADER
fixed length control field 00456nam a2200157Ia 4500
008 - FIXED-LENGTH DATA ELEMENTS--GENERAL INFORMATION
fixed length control field 151021s9999 xx 000 0 und d
020 ## - INTERNATIONAL STANDARD BOOK NUMBER
International Standard Book Number 9.780566079e+012
050 ## - LIBRARY OF CONGRESS CALL NUMBER
Classification number HD61.H48 2008
245 ## - TITLE STATEMENT
Title _Understanding and Managing Risk Attitude (2nd ed.)
260 ## - PUBLICATION, DISTRIBUTION, ETC. (IMPRINT)
Place of publication, distribution, etc. USA Gower Publisher 2007
300 ## - PHYSICAL DESCRIPTION
Extent xx,180p:ill.
500 ## - GENERAL NOTE
General note Includes Index
650 ## - SUBJECT ADDED ENTRY--TOPICAL TERM
Topical term or geographic name as entry element _Managing Risk
700 ## - ADDED ENTRY--PERSONAL NAME
Personal name _Ruth Murray-Webster
980 ## - EQUIVALENCE OR CROSS-REFERENCE-SERIES STATEMENT--PERSONAL NAME/TITLE [LOCAL, CANADA]
Personal name ^d20110208 03:42:28^okorir

No items available.

© 2016 Maasai Mara University.